000 00743nam a22002177a 4500
005 20260325114536.0
008 240626b mx |||||||| |||| 00| 0 spa d
020 _a9786070944956
050 0 4 _aH97
_bM67
100 1 _aMorales Sánchez, Julieta
245 1 0 _aPolíticas públicas y derechos humanos
_c / Julieta Morales Sánchez ; prólogo Christian Courtis
250 _a2a ed.
260 _aMéxico :
_bPorrúa,
_c2025
300 _axvii, 249 p. ;
_c21 cm.
490 0 _aInstituto Mexicano de Derecho Procesal Constitucional ;
_v153
504 _aIncluye bibliografía
650 7 _2lemb
_aPolíticas públicas
_zMéxico
650 7 _2lemb
_aDerechos humanos
_zMéxico
700 1 _aCourtis, Christian,
_eprologuista
942 _2lcc
_cLIB
999 _c88149
_d88149